| 000 | 00706nam a22002297a 4500 | ||
|---|---|---|---|
| 005 | 20170529143955.0 | ||
| 010 | _aENG-118432 | ||
| 020 |
_a9789352605347 _c699.00 |
||
| 035 | _aEN-101964 | ||
| 037 | _bDBAD/PUB | ||
| 082 | _a005.74 | ||
| 100 | _aEls,Anton | ||
| 245 |
_aOracle database 12c release 2 multitenant / _cby Anton Els, Vit Spinka [and] Franck Pachot |
||
| 260 |
_aNoida _b McGraw Hill Education _c2017 |
||
| 270 |
_aB-4 Sector-63,Distt. Gautam Budh Nagar _bNoida (U.P.) _e201301 |
||
| 300 |
_axvii, 365 p. _c24cm (Pbk) |
||
| 490 | _aOracle Press | ||
| 500 | _aIncludes index | ||
| 700 | _aSpinka, Vit | ||
| 700 | _a Pachot, Franck | ||
| 942 |
_2ddc _cEN _h005.74 _mELS |
||
| 999 |
_c140476 _d140476 |
||